Biggest Football Stadiums in the UK - Statistics

General Stats
  • This quiz has been taken 128 times
  • The average score is 12 of 20
Answer Stats
Capacity Answer % Correct
90,000 Wembley Stadium
94%
74,310 Old Trafford
91%
61,015 Anfield
87%
60,260 Emirates Stadium
83%
53,400 Etihad Stadium
82%
52,404 St James' Park
78%
41,841 Stamford Bridge
77%
40,394 Goodison Park
63%
62,500 London Stadium
61%
62,850 Tottenham Hotspur Stadium
61%
42,573 Villa Park
57%
48,339 Stadium of Light
54%
37,890 Elland Road
52%
60,411 Celtic Park
51%
50,817 Ibrox Stadium
45%
51,866 Hampden Park
40%
39,732 Hillsborough Stadium
25%
34,742 Riverside Stadium
19%
33,597 Pride Park Stadium
16%
33,280 Cardiff City Stadium
14%
No matching quizzes found
Score Distribution
Percent of People with Each Score
Percentile by Number Answered
Your Score History
You have not taken this quiz